Statistics for KARD (kpop)

Click here to take the quiz!

General Stats

  • This quiz has been taken 23 times
  • The average score is 3 of 24

Answer Stats

HintAnswer% Correct
J.SephKim TaeHyung
77%
J.SephAce
38%
BMA
23%
SominA
23%
JiwooA
23%
Somin1.63 m (5.4 feet)
15%
Jiwoo1.65 m (5.5 feet)
15%
J.Seph1.79 m (5.10 feet)
15%
BM1.86 m (6.1 feet)
15%
JiwooJeon Jiwoo
15%
SominJeon Somin
15%
J.SephO
15%
BMKing
8%
BMMatthew Kim
8%
SominAugust 22, 1996
0%
SominBlack Joker
0%
JiwooColor Joker
0%
J.SephJune 21, 1992
0%
BMMain Dancer, Lead Rapper, Vocalist
0%
JiwooMain Dancer, Lead Vocalist, Rapper, Maknae
0%
J.SephMain Rapper, Lead Dancer, Vocalist
0%
SominMain Vocalist, Visual
0%
BMOctober 20, 1992
0%
JiwooOctober 4, 1996
0%

Score Distribution

Percentile by Number Answered

Percent of People with Each Score

Your Score History

You have not taken this quiz